Carlos Montezuma, M.D: a Yavapai American hero the life and times of an American Indian 1866-1923

محفوظ في:
التفاصيل البيبلوغرافية
المؤلف الرئيسي: Speroff, Leon (مؤلف)
التنسيق: كتاب
اللغة:الإنجليزية
منشور في: Portland Arnica 2003
الموضوعات:
الوسوم: إضافة وسم
لا توجد وسوم, كن أول من يضع وسما على هذه التسجيلة!

MARC

LEADER 00000nam a2200000 a 4500
001 UCI1054
003 CL-VaPUC
008 070615e20030000US |||||||||||||||||eng|d
020 |a 0972653546 
082 0 4 |a 923.2  |b MON  |2 21 
100 0 |a Speroff, Leon  |e author  |9 521351 
245 1 0 |a Carlos Montezuma, M.D: a Yavapai American hero the life and times of an American Indian 1866-1923 
300 |a 549 p 
942 |c BK 
945 |d 20070615 00:00:00  |a jtorresc 
260 |a Portland  |b Arnica  |c 2003 
600 0 7 |a MONTEZUMA, CARLOS  |2 CL-VaPUC  |9 521352 
650 0 |a Biografías  |9 255210 
650 0 |a Médicos   |9 339460 
650 7 |a HISTORIA DE ESTADOS UNIDOS SIGLO 19  |2 CL-VaPUC  |9 362092 
651 0 |a Estados Unidos  |9 255178 
583 |a last modification  |c 20160829 04:30:45  |k Rodrigo Vera 
999 |c 325972  |d 325970 
952 |0 0  |1 0  |4 0  |6 923_200000000000000_MON_2003  |7 0  |8 A  |9 407528  |a BIBHIS  |b BIBHIS  |d 2019-11-22  |i 4314328  |o 923.2 MON 2003  |p 4314328  |r 2025-01-20  |w 2019-11-22  |y BK  |k HIS